00642 2200241 4500001002100000005001500021035002000036245006100056100001500117250000600132300003500138700001600173260004900189082001100238084001700249020001500266650003400281990001700315990001700332990001700349990001700366990001700383INLIS00000000000052220181204101706 a0010-12180000081 aBudi Daya Anggrek /cNovriyanti; Ilustrator, Adi Wahyono0 aNovriyanti a- aiv, 60 hlm. :bilus. ;c25 cm.0 aAdi Wahyono aJakarta :bCV Karya Mandiri Nusantara,c2007 a635.94 a635.94 NOV b a9791131538 aPengembangbiakan Tanaman Hias a01861/H/2018 a01862/H/2018 a01863/H/2018 a01864/H/2018 a01865/H/2018